100 [i.e. Cien] obras maestras de la colección del Vitra Design Museum (Record no. 895)

MARC details
000 -CABECERA
campo de control de longitud fija 01100nam a2200241 a 4500
001 - NÚMERO DE CONTROL
campo de control BRCA_1015
005 - FECHA Y HORA DE LA ÚLTIMA TRANSACCIÓN
campo de control 20190320203237.0
008 - DATOS DE LONGITUD FIJA--INFORMACIÓN GENERAL
campo de control de longitud fija 071105s1996----gw-a---###---#000-0#spa-d
020 ## - NÚMERO INTERNACIONAL ESTÁNDAR DEL LIBRO
Número Internacional Estándar del Libro 3980407039
050 #4 - SIGNATURA TOPOGRÁFICA DE LA BIBLIOTECA DEL CONGRESO
Número de clasificación NK2715
Número de documento/Ítem .C54 1996
245 10 - MENCIÓN DE TÍTULO
Título 100 [i.e. Cien] obras maestras de la colección del Vitra Design Museum
Mención de responsabilidad, etc. editores Alexander von Vegesack, Peter Dunas, Mathias Shwartz-Claus ; traducción Rosario Uranga.
260 ## - PUBLICACIÓN, DISTRIBUCIÓN, ETC.
Lugar de publicación, distribución, etc. Weil am Rhein, Alemania
Nombre del editor, distribuidor, etc. Vitra Design Museum
Fecha de publicación, distribución, etc. 1996
300 ## - DESCRIPCIÓN FÍSICA
Extensión 270 p.
Otras características físicas il. (algunas a color)
Dimensiones 30 cm.
500 ## - NOTA GENERAL
Nota general Catálogo de la exposición realizada en el Vitra Design Museum (Weil am Rhein, Alemania), 10 julio, 1995 - 21 enero, 1996 y en el Museo Franz Mayer (Ciudad de México), 24 agosto - 30 octubre, 2005
504 ## - NOTA DE BIBLIOGRAFÍA, ETC.
Nota de bibliografía, etc. Bibliografía: p. 255-268
650 14 - PUNTO DE ACCESO ADICIONAL DE MATERIA--TÉRMINO DE MATERIA
Término de materia o nombre geográfico como elemento de entrada Sillas
Subdivisión de forma Exposiciones
9 (RLIN) 3339
650 14 - PUNTO DE ACCESO ADICIONAL DE MATERIA--TÉRMINO DE MATERIA
Término de materia o nombre geográfico como elemento de entrada Sillas
Subdivisión de forma Exposiciones
Subdivisión general Colección privada
Subdivisión geográfica Weil am Rhein (Alemania)
9 (RLIN) 3340
700 1# - PUNTO DE ACCESO ADICIONAL--NOMBRE DE PERSONA
Nombre de persona Von Vegesack, Alexander
9 (RLIN) 3341
700 1# - PUNTO DE ACCESO ADICIONAL--NOMBRE DE PERSONA
Nombre de persona Dunas, Peter
9 (RLIN) 3342
700 1# - PUNTO DE ACCESO ADICIONAL--NOMBRE DE PERSONA
Nombre de persona Shwartz-Claus, Mathias
9 (RLIN) 3343
700 1# - PUNTO DE ACCESO ADICIONAL--NOMBRE DE PERSONA
Nombre de persona Uranga, Rosario
9 (RLIN) 3344
942 ## - ELEMENTOS DE PUNTO DE ACCESO ADICIONAL (KOHA)
Fuente del sistema de clasificación o colocación Library of Congress Classification
Tipo de ítem Koha Libros
Holdings
Estado de retiro Estado de pérdida Estado dañado No para préstamo Localización permanente Ubicación/localización actual Fecha de adquisición Total de préstamos Signatura topográfica completa Código de barras Fecha visto por última vez Precio válido a partir de Tipo de ítem Koha
El ejemplar forma parte de la colección y puede ser consultado según las políticas vigentes.       Biblioteca del Museo Franz Mayer (Rogerio Casas-Alatriste) Biblioteca del Museo Franz Mayer (Rogerio Casas-Alatriste) 26/06/2008   NK2715 .C54 1996 01504 22/03/2019 22/03/2019 Libros